Florida City Skylines Quiz - Statistics

General Stats
  • This quiz has been taken 160 times
  • The average score is 5 of 7
Answer Stats
Picture Answer % Correct
Tampa
97%
Miami
96%
Jacksonville
87%
Orlando
80%
Tallahassee
70%
Fort Lauderdale
58%
St. Petersburg
55%
No matching quizzes found
Score Distribution
Percent of People with Each Score
Percentile by Number Answered
Your Score History
You have not taken this quiz